Nuevos retos educativos : hacia una orientación CTS de la alfabetización científica y tecnológica /

En los últimos años los conceptos de alfabetización científica y ciencia para todos están revolucionando las metas de la educación científica y, subsiguientemente, deberán transformar radicalmente los enfoques metodológicos. Este artículo discute la complejidad de ambos conceptos, que no ha permitid...

Descripción completa

Detalles Bibliográficos
Autor principal: Acevedo Díaz, José Antonio
Otros Autores: Manassero Mas, María Antonia, Vázquez Alonso, Ángel
Formato: Analitica de revista
Lenguaje:español
Publicado: Santiago, Chile Pontificia Universidad Católica de Chile 2002

MARC

LEADER 00000cab a2200000 a 4500
001 036190
003 UAHC_CL
005 20170803123948.0
008 030922s1994 cl f 000 spa
040 |a UAHC_CL  |c UAHC_CL  |d UAHC_CL 
100 1 |a Acevedo Díaz, José Antonio 
245 1 0 |a Nuevos retos educativos :  |b hacia una orientación CTS de la alfabetización científica y tecnológica /  |c José Antonio Acevedo Díaz, María Antonia Manassero Mas, Ángel Vázquez Alonso. 
260 |b Pontificia Universidad Católica de Chile  |c 2002  |a Santiago, Chile 
300 |a p. 15-34 
500 |a En: Pensamiento educativo, nû30, 2002. p.15-34. ISSN 07171013. 
500 |a En: Pensamiento educativo, n°30, 2002. p.15-34. ISSN 07171013. 
500 |a En: Pensamiento educativo, nç30, 2002. p.15-34. ISSN 07171013. 
520 |a En los últimos años los conceptos de alfabetización científica y ciencia para todos están revolucionando las metas de la educación científica y, subsiguientemente, deberán transformar radicalmente los enfoques metodológicos. Este artículo discute la complejidad de ambos conceptos, que no ha permitido lograr un consenso entre los especialistas sobre su significado, su parcial oposición (contenidos de alfabetización puede no ser patos para todos), la distancia entre el currículo planificado y el currículo aplicado y las barreras que actúan contra las innovaciones como un escollo para su integración coherente. Finalmente, se justifica la aplicación de un enfoque de ciencia - tecnología - sociedad como la solución mas sólida para dar respuesta a los nuevos retos planteados por la alfabetización científica y la ciencia para todos para la educación científica. 
520 |a En los últimos años los conceptos de alfabetización científica y ciencia para todos están revolucionando las metas de la educación científica y, subsiguientemente, deberán transformar radicalmente los enfoques metodológicos. Este artículo discute la complejidad de ambos conceptos, que no ha permitido lograr un consenso entre los especialistas sobre su significado, su parcial oposición (contenidos de alfabetización puede no ser patos para todos), la distancia entre el currículo planificado y el currículo aplicado y las barreras que actúan contra las innovaciones como un escollo para su integración coherente. Finalmente, se justifica la aplicación de un enfoque de ciencia - tecnología - sociedad como la solución mas sólida para dar respuesta a los nuevos retos planteados por la alfabetización científica y la ciencia para todos para la educación científica. 
520 |a En los últimos aÒos los conceptos de alfabetizaciÛn cientÌfica y ciencia para todos est·n revolucionando las metas de la educaciÛn cientÌfica y, subsiguientemente, deber·n transformar radicalmente los enfoques metodolÛgicos. Este artÌculo discute la complejidad de ambos conceptos, que no ha permitido lograr un consenso entre los especialistas sobre su significado, su parcial oposiciÛn (contenidos de alfabetizaciÛn puede no ser patos para todos), la distancia entre el currÌculo planificado y el currÌculo aplicado y las barreras que actúan contra las innovaciones como un escollo para su integraciÛn coherente. Finalmente, se justifica la aplicaciÛn de un enfoque de ciencia - tecnologÌa - sociedad como la soluciÛn mas sÛlida para dar respuesta a los nuevos retos planteados por la alfabetizaciÛn cientÌfica y la ciencia para todos para la educaciÛn cientÌfica. 
700 1 |a Manassero Mas, María Antonia 
700 1 |a Vázquez Alonso, Ángel 
700 1 |a Manassero Mas, María Antonia 
700 1 |a Vázquez Alonso, Ángel 
759 |a PP160 
773 0 |t Revista PRELAC  |w 041234 
900 |a PENSAMIENTO EDUCATIVO-30/02 
942 |c REVA 
952 |0 0  |1 0  |4 0  |6 PENSAMIENTO_EDUCATIVO30_02_000000000000000  |7 0  |8 General  |9 68912  |a BC  |b BC  |c General  |d 2017-08-03  |l 0  |o PENSAMIENTO EDUCATIVO-30/02  |p FICTICIO4953  |r 2019-01-08 00:00:00  |t 1  |w 2017-08-03  |y REVA 
999 |c 36190  |d 36190